Normal view
MARC view
Entry Nombre personal
001 - NÚMERO DE CONTROL
- campo de control: 1109
003 - IDENTIFICADOR DE NÚMERO DE CONTROL
- campo de control: DLC
005 - FECHA Y HORA DE LA ÚLTIMA TRANSACCIÓN
- campo de control: 20260423163457.0
008 - ELEMENTOS DE DATO DE LONGITUD-FIJA
- campo de control de longitud fija: 800717n| acannaab| |n aaa |||
010 ## - NÚMERO DE CONTROL DE LA BIBLIOTECA DEL CONGRESO
- Número de control de LC: n 79123983
- Número de control de LC cancelado o no válido: n 88073998
040 ## - FUENTE DE CATALOGACIÓN
- Centro catalogador/agencia de origen: DLC
- Centro/agencia transcriptor: DLC
- Centro/agencia modificador: DLC
100 10 - ENCABEZAMIENTO-NOMBRE DE PERSONA
- Nombre de persona: Grunfeld, Frederic V.
670 ## - FUENTE DE DATOS ENCONTRADOS
- Cita de la fuente: His Music and recordings.
670 ## - FUENTE DE DATOS ENCONTRADOS
- Cita de la fuente: His Berlin, c1977:
- Información encontrada: t.p. (Frederic V. Grunfeld) verso of t.p. (b. 1929)
670 ## - FUENTE DE DATOS ENCONTRADOS
- Cita de la fuente: His Wild Spain, 1989, c1988:
- Información encontrada: CIP t.p. (Frederic V. Grunfeld) pub. info. (d. 1987)